000 00627nam a22001937a 4500
003 0
005 20250107082634.0
008 250107b xxu||||| |||| 00| 0 eng d
020 _a9798891612174
050 _aHE 8689.6
_b.J36 2024
100 _aJames, Brandon
_eauthor.
245 _aBroadcast promotion and merchandising /
_cBrandon James.
260 _aJersey City, USA :
_bAlexis Press, LLC,
_c2024.
300 _aviii, 283 p. :
_bill. ;
_c24 cm.
504 _aIncludes bibliographical references and index.
650 _aTelevision broadcasting
_vPromotion.
650 _aRadio broadcasting
_vPromotion.
942 _2lcc
_cBK
999 _c366882
_d366882